00962 a2200193 45000010006000000050017000060080041000230030015000640400040000790800046001192450075001650200018002402640045002583000019003035050312003220410008006341000031006428560095006735714220260407155834.0260407a1994 arg spa dAR-UNSa-BCEJYS aAR-UNSa-BCEJYSbspacAR-UNSa-BCEJYS a37xEducación. Enseñanza. Formación10aEducación tecnolológica (se ofrece)pEspacio en el aula (se busca) a950-701-252-4 1aBuenos Aires :bAique Grupo Editorc1994 a223 p.c22 cm. a1. La tecnología como proceso – 2.Acerca de los contenidos del área de educación tecnológica – 3.Una propuesta de objetivos y contenidos posibles para un área de educación tecnológica – 4.El trabajo en el área de educación tecnológica – 5. Situaciones de aprendizajes propuestos. aspa1 aRodríguez de Fraga, Abel41uhttps://biblioeco.unsa.edu.ar/pmb/images/libros/L128711.jpgyImagen de portadaqimage/jpeg